[Event "ROM-ch"]
[Site "Herculane"]
[Date "1996.??.??"]
[Round "1"]
[White "Nevednichy, Vladislav"]
[Black "Ionescu, Constantin"]
[Result "0-1"]
[WhiteElo "2525"]
[BlackElo "2520"]
[Annotator "Marin,M"]
[PlyCount "76"]
[EventDate "1996.12.??"]
[EventType "tourn"]
[EventRounds "15"]
[EventCountry "ROU"]
[EventCategory "8"]
[SourceTitle "CBM 056 Extra"]
[Source "ChessBase"]
[SourceDate "1997.03.01"]
[SourceVersion "1"]
[SourceVersionDate "1997.03.01"]
[SourceQuality "1"]

1. e4 e6 2. d4 d5 3. exd5 exd5 4. Nf3 Bd6 5. c4 Nf6 6. Bg5 O-O 7. Nc3 dxc4 8.
Bxc4 Re8+ 9. Be2 Nbd7 10. O-O Nb6 11. Qc2 c6 12. Rad1 Be7 13. Ne5 g6 14. Rfe1
Bf5 15. Bd3 $6 (15. Qc1 $5 Ne4 16. Bh6 $14) 15... Bxd3 16. Qxd3 Nfd5 17. Bh6
Bf8 18. Bxf8 Rxf8 19. Ne4 f6 20. Nf3 Nd7 21. h4 (21. Nc3 $5 N7b6 22. h4) 21...
Qc7 22. h5 Kg7 23. hxg6 hxg6 24. g3 Rfe8 25. Kg2 (25. Nc3 $5 N7b6 26. Kg2)
25... Nf8 26. Qd2 Ne6 27. Nc5 Qf7 28. Rxe6 Rxe6 29. Rh1 g5 30. Qd3 Rh8 31.
Nxe6+ Qxe6 32. Rxh8 Kxh8 33. Qg6 $4 Qe2 $1 {(/\Ne3+)} 34. Qh6+ Kg8 35. Qg6+ Kf8
36. Qh6+ Ke7 37. Qg7+ Kd8 38. Qxb7 $4 (38. g4 Qxb2 $17) 38... Ne3+ 0-1

[Event "Santa Clara"]
[Site "Santa Clara"]
[Date "1991.??.??"]
[Round "11"]
[White "Ulybin, Mikhail"]
[Black "Vilela de Acuna, Jose Luis"]
[Result "1-0"]
[WhiteElo "2565"]
[BlackElo "2440"]
[Annotator "Martin,A"]
[PlyCount "53"]
[EventDate "1991.02.??"]
[EventType "tourn"]
[EventRounds "13"]
[EventCountry "CUB"]
[EventCategory "9"]
[SourceTitle "CBM 026"]
[Source "ChessBase"]
[SourceDate "1992.02.01"]
[SourceVersion "1"]
[SourceVersionDate "1992.02.01"]
[SourceQuality "1"]

{If Black cannot counter this variation in thematic French Defence style, he
can try 4...Bg4, which received a massive boost when Nigel Short used it to
defeat Mikhail Gurevich in the last round of the 1990 Interzonal. Gurevich
only needed a draw to get into the Candidates, but he did not make it. We
focus on an older game, because it's the best example I have found of White's
chances in this line.} 1. e4 e6 2. d4 d5 3. exd5 exd5 4. Nf3 Bg4 $5 5. h3 Bh5
6. Qe2+ $1 {A very specific and unusual move, setting up the idea of Qb5+,
winning a pawn!} ({Let us see the Gurevich game, where White played far too
passively. At every stage White is only interested in a draw, but when you
need a draw, it is far better to create a sharp position.} 6. Be2 Bd6 7. Ne5
Bxe2 8. Qxe2 Ne7 9. O-O O-O 10. Bf4 Re8 11. Qg4 Bxe5 12. Bxe5 Ng6 13. Bg3 Nd7
14. Nd2 Nf6 15. Qf3 c6 16. Qb3 Qb6 17. Qxb6 axb6 18. a3 Ne4 19. Nxe4 Rxe4 20.
Rfd1 b5 21. Kf1 f6 22. f3 Re6 23. Re1 Kf7 24. Rxe6 Kxe6 25. Re1+ Kd7 26. Ke2 h5
27. Kd3 h4 28. Bh2 Ne7 29. Bf4 Nf5 30. Bd2 b6 31. Re2 c5 32. Be3 b4 33. axb4
c4+ 34. Kc3 Nd6 35. Re1 Ra4 36. Kd2 Rxb4 37. Ra1 Rxb2 38. Ra7+ Ke6 39. Rxg7 b5
40. Bf2 b4 41. Kc1 c3 42. Bxh4 Nf5 {0-1 Gurevich,M (2640)-Short,N (2610)/
Manila 1990}) 6... Qe7 {The other blocking moves are inferior, but as you can
see they have been tried by very strong players. Surprising!} (6... Ne7 7. Nc3
(7. Qb5+ Nbc6 8. Qxb7 Rb8 9. Qa6 Bxf3 10. gxf3 Nxd4 {is not what White wants.})
7... Nbc6 8. g4 Bg6 9. Bf4 h5 {Bareev,E (2680)-Short,N (2660)/Paris 1991} 10.
Bg2 $1 hxg4 11. hxg4 Rxh1+ 12. Bxh1 Qd7 13. O-O-O $1 O-O-O (13... Qxg4 14. Bxc7
$16) 14. Ne5 Nxe5 15. dxe5 d4 16. Qb5 $1 $16) (6... Be7 $6 {does not give
sufficient value for a pawn:} 7. Qb5+ Nd7 8. Qxd5 Ngf6 9. Qb3 O-O 10. Be2 c5
11. O-O cxd4 12. Nxd4 Nc5 13. Qc4 Bg6 14. Nc3 Rc8 15. Be3 Nce4 16. Qb5 Nxc3 17.
bxc3 Nd5 18. Qxb7 Nxe3 19. fxe3 Bg5 20. Nf5 Rxc3 21. Bd3 Bxf5 22. Rxf5 Bxe3+
23. Kh1 Rc7 24. Qe4 Re8 25. Rd5 {1-0 Rublevsky,S (2676)-Kasimdzhanov,R (2690)/
Moscow 2007}) 7. Be3 Nc6 8. Nc3 O-O-O (8... Nf6 $6 {makes it more difficult to
develop the Black kingside, who needs the move ....f7-f6 on many occasions.} 9.
O-O-O O-O-O 10. g4 Bg6 11. Nh4 Ne4 12. Nxg6 hxg6 13. Nxe4 Qxe4 14. Rg1 $14 {
Two bishops will be enough for Kramnik to display his excellent technique.} Re8
15. Bg2 Qe6 16. Qb5 Rd8 17. c4 Nb4 18. c5 Nc6 19. Rd3 a6 20. Qa4 Be7 21. Rgd1
Rhe8 22. Bf1 Nb8 23. Rb3 c6 24. Bf4 Rd7 25. Re3 Qf6 26. Be5 Qxf2 27. Re2 Qf3
28. Qc2 Bg5+ 29. Kb1 f6 30. Bxb8 Rde7 31. Rxe7 Rxe7 32. Bd6 Re3 33. a3 Bf4 34.
Bxf4 Qxf4 35. Ka2 f5 36. gxf5 gxf5 37. Bd3 g6 38. Qd2 Qf3 39. h4 Kb8 40. Bc2
Re2 41. Qd3 Qf2 42. Kb1 Ka7 43. h5 gxh5 44. Qxf5 Qe3 45. Qxh5 Re1 46. Rxe1
Qxe1+ 47. Qd1 {1-0 Kramnik,V (2751)-Rustemov,A (2539)/ICC INT 1999/EXT 2005})
9. g4 ({Amazingly, Kasparov lost as White using this variation. One of his
exhibition simuls though:} 9. O-O-O Qe8 10. g4 Bg6 11. Ne5 Bb4 12. Nxg6 ({
White has a clear advantage after} 12. Nb5 $1 Kb8 13. c3 Ba5 (13... Bd6 14.
Nxd6 Rxd6 15. h4 $16) 14. h4 h5 (14... h6 15. Nxg6 fxg6 16. Re1) 15. Nxg6 fxg6
16. gxh5) 12... hxg6 13. Qd3 Nge7 14. Ne2 Na5 15. c3 Bd6 16. b3 Ba3+ 17. Kb1
Rd6 18. Nf4 Rb6 19. Bc1 $2 (19. Qc2 $14) 19... Qa4 $1 20. Bxa3 Qxa3 21. Rd2 Re8
$6 (21... g5 $1 22. Nh5 Nxb3 23. axb3 Rxb3+ 24. Kc2 Rh6 $1 $19) 22. Bg2 Nxb3
23. axb3 Rxb3+ 24. Kc2 Nc6 25. Rc1 Qa4 26. Rb1 Qa2+ {0-1 Kasparov,G (2815)
-Bukal,V (2265)/Zagreb 1994. Garry could not have been too happy about this.})
9... Bg6 10. O-O-O Nb4 $6 {Tempting and very sharp, but ultimately inferior.
It is not clear at all though, what Black should play} (10... f6 {Kasparov,G 
(2770)-Short,N (2660)/Tilburg 1991; can be met simply by} 11. Bg2 $1 Bf7 12.
Ne1 Qb4 13. Nd3 Qa5 14. Kb1 {with a more comfortable position for White.}) 11.
a3 $1 Nxc2 12. Bf4 Na1 13. b4 $8 {An extraordinary position, where the Black
knight is trapped in White's camp and it is just a question of what Black can
now get for it. I think one really has to study these complications quite
closely as the Black attack is dangerous.} a5 (13... Nc2 {maybe Black's best
shot. White can get two pieces for a rook in the main line, but matters remain
unclear:} 14. Kb2 a5 (14... Nxb4 15. Qxe7 {is not good enough for Black.}) 15.
Qxe7 Nxe7 16. b5 h5 17. Bg2 hxg4 18. hxg4 Rxh1 19. Bxh1 f6 20. Rd2 Ng8 21. Nb1
Re8 22. Rxc2 Bxc2 23. Kxc2 Nh6 $13) (13... Qf6 $5 14. Bg5 $1 (14. Qe5 $2 Qc6
15. Kb2 Bd6 16. Qg5 f6 $17) 14... Qc6 15. Kb2 f6 $1 (15... Re8 16. Qd2 $1 $18 {
/\ Bb5} (16. Ne5 Rxe5 17. Qxe5 f6 18. Qxd5 Qxd5 19. Nxd5 Be4 20. Bc4 Bxh1 21.
Rxh1 fxg5 $10)) 16. Bf4 Nc2 17. Rc1 a5 18. Nb5 $18) 14. Qxe7 Bxe7 ({GM Rainer
Knaak analyses} 14... Nxe7 {to advantage for White:} 15. Bd3 $1 (15. Ne5 $2
axb4 16. axb4 Nc2 17. Nxg6 Nxg6 $17) 15... Bxd3 16. Rxd3 axb4 (16... Nc6 17.
Kb2 (17. b5 Bxa3+ 18. Kb1 Nb4 19. Rd2 Nac2 $13) 17... axb4 18. Nb5 $16) 17.
axb4 Nc6 18. Na2 $1 Bxb4 19. Kb2 $18) 15. Ne5 $1 {There is no rush to play Kb2,
as the knight isn't going anywhere fast.} (15. Bd3 $1 axb4 16. axb4 Bxb4 17.
Kb2 $18) 15... axb4 16. axb4 Bc2 $5 (16... Bxb4 17. Kb2 $18) 17. Re1 Bxb4 18.
Kb2 {A very odd position where Black's minor pieces on the queenside could not
be worse placed.} Nb3 19. Kxc2 Nxd4+ 20. Kb2 $16 Ne6 21. Ra1 {The Knight has
escaped, but at fatal cost. White conjures up a winning attack very easily
indeed now.} Kb8 22. Bg3 Nh6 23. Bb5 $1 {With the idea of Nc6+.} Nc5 (23... Nd4
24. Nd7+ Rxd7 25. Bxd7 $18) 24. Nc6+ $1 bxc6 25. Bxc6 Nb7 26. Nb5 Bd6 27. Ra7 {
My conclusion is that the line with 4...Bg4 does not lead to an easy position
for Black to play, although White must find 5.h3 Bh5 6.Qe2+ to apply pressure.
Closing this article, I hope I have highlighted the practical qualities of the
Exchange Variation with 4.Nf3! I think it's the type of line which will score
very well for White over the board. With prolonged consideration, Black should
be able to equalize, but even then, no more than that.} 1-0

[Event "EU-Cup 28th"]
[Site "Eilat"]
[Date "2012.10.16"]
[Round "6.1"]
[White "Nakamura, Hikaru"]
[Black "Williams, Simon Kim"]
[Result "1-0"]
[WhiteElo "2786"]
[BlackElo "2496"]
[Annotator "Martin,A"]
[PlyCount "73"]
[EventDate "2012.10.11"]
[EventType "team-swiss"]
[EventRounds "7"]
[EventCountry "ISR"]
[SourceTitle "CBM 151"]
[Source "ChessBase"]
[SourceDate "2012.11.13"]
[SourceVersion "1"]
[SourceVersionDate "2012.11.13"]
[SourceQuality "1"]
[WhiteTeam "Risarcimento Obiettivo"]
[BlackTeam "Jutes of Kent"]
[WhiteTeamCountry "ITA"]
[BlackTeamCountry "ENG"]

1. d4 e6 2. e4 d5 3. exd5 exd5 4. Nf3 {It is best to describe this line as a
wolf in sheep's clothing. Outwardly, White's set up is very modest, but there
are some dangerous attacking options based on the move c2-c4! Another point in
White's favour is that the nature of the position changes to something
resembling an open game and this might not be what the French player is used
to. Certainly, in our featured game 3.exd5 is a shrewd choice against a
fearless attacking opponent such as Williams. Rather than any aggression, he
has to think about how to equalize.} c6 (4... Bd6 {is one of the main lines,
but then White puts his plan with c2-c4 into operation. He may delay this ,
with 5 h3, or play it right away:} 5. h3 $5 {The point is to prevent ...Bg4,
so that there is less pressure on d4. Very safe.} (5. c4 {Immediately!} c6 6.
Nc3 Ne7 7. Bd3 (7. c5 $5 {is yet another option when Black does not take on c4
immediately. This time White pawn storms the queenside!} Bc7 8. Bd3 O-O 9. O-O
Bf5 10. Re1 Bxd3 11. Qxd3 Ng6 12. b4 b6 13. b5 Nf4 14. Bxf4 Bxf4 15. bxc6 bxc5
16. dxc5 d4 17. Rad1 Nxc6 18. Qe4 Qa5 19. Ne2 d3 20. Nxf4 {1-0 Dolzhikova,K 
(2309)-Baraeva,I (2177)/Moscow 2013/CB06_2013}) 7... Bg4 8. O-O dxc4 9. Bxc4
O-O 10. h3 Bh5 11. g4 Bg6 12. Ne5 $1 {This way round White has allowed ...Bg4
in the hope that pushing the Bishop to g6 will promote a kingside pawn storm.
Another dangerous plan that Black has to deal with in this variation.} Kh8 (
12... Nd7 13. f4 $16) 13. h4 f6 14. Nxg6+ Nxg6 (14... hxg6 15. Kg2 Nd7 16. Rh1
Nb6 17. Bd3 Qd7 18. g5 $1 {intends h4-h5 in short order}) 15. h5 Nf4 16. Ne4 $6
({White should sacrifice a pawn here:} 16. Bxf4 Bxf4 17. Qf3 $1 Qxd4 18. Bd3
Bg5 19. Rad1 Qc5 20. Bb1 Na6 21. Rd7 {with very good compensation}) 16... f5
17. Ng3 Qh4 {Suddenly, Black has the attack!} 18. gxf5 Nh3+ 19. Kg2 Nxf2 20.
Rxf2 Bxg3 21. Rf3 Qh2+ 22. Kf1 Rxf5 23. Rxf5 Qh3+ 24. Kg1 Bh2+ 25. Kf2 Qxf5+
26. Qf3 Bg1+ 27. Kg2 Qxf3+ 28. Kxf3 Bxd4 29. Bf4 Nd7 30. Rd1 c5 ({Clearly,
White should not win this and} 30... Ne5+ 31. Bxe5 Bxe5 {was the clearest way,
with a technical ending for Black to try and win. However, White goes on to
pull off a swindle.}) 31. b4 b6 32. bxc5 bxc5 33. Bd6 Nb6 34. Bb3 Re8 35. Kg4
Nd7 36. Kf5 Nf6 37. Bf7 Rc8 38. Bc4 Rc6 39. Rb1 g6+ 40. Ke6 Ne4 41. Rb8+ Kg7
42. Kd5 Rxd6+ 43. Kxe4 Rd7 44. Rg8+ Kh6 45. hxg6 hxg6 46. Be6 Re7 47. Kd5 Kh7
48. Rb8 Kh6 49. Kd6 Rg7 50. Rh8+ Kg5 51. Rh1 Kf4 52. Rf1+ Kg3 53. Kd5 g5 54.
Ke4 a5 55. Rf3+ Kg2 56. Bh3+ Kh2 57. Bg4 Re7+ 58. Kd5 Re5+ 59. Kc6 Re4 60. Bf5
Rf4 61. Rxf4 gxf4 62. Kb5 Kg3 63. Bd3 Kf2 64. Kxa5 Ke3 65. Bc4 f3 66. a4 Kd2
67. Kb5 Ke1 68. a5 Be5 69. a6 Bb8 70. Kb6 f2 71. Kb7 Ba7 72. Kxa7 {1-0
Shkapenko,P (2407)-Sharankov,G (2189)/Tallinn 2013}) 5... Ne7 6. c4 $1 c6 7.
Nc3 O-O 8. Bd3 dxc4 9. Bxc4 Bf5 10. O-O Nd7 11. Re1 h6 12. Bd2 Nb6 13. Bb3 Ng6
14. Ne5 {An absolutely typical sequence has led to another key point in the
game, where the white knight hops into e5. ideas such as Qf3 or f4 follow.
Positions like these hase made the line more attractive from White's
perspective in recent times.} Qf6 ({Maybe Black should just capture:} 14...
Bxe5 15. dxe5 Qh4 {but he is still not quite equal after} 16. Be3 $1) 15. Qe2
Rae8 16. f4 Nxe5 17. dxe5 Qg6 18. Kh2 Bc5 19. Be3 Bxe3 20. Qxe3 h5 21. Rad1 $16
Rd8 22. Qf2 Be6 23. Bc2 Bf5 24. Qh4 $1 Nd5 (24... Rxd1 25. Bxd1 Qh6 26. Ne4
Bxe4 27. Rxe4 g6 28. Bb3 {with the idea of Rd4, leaves White well on top.}) 25.
Bb3 Rd7 26. Bxd5 cxd5 27. Nxd5 Bc2 28. Nf6+ gxf6 29. Rxd7 Be4 30. Rd2 f5 31.
Re3 {1-0 Muzychuk,M (2471)-Villuendas Valero,A (2301)/Caleta 2013. A deceptive
game, where Black never really got into it.}) 5. Bd3 Bd6 6. O-O Ne7 {Black
puts his knight on e7 to facilitate ...Bf5.} 7. c4 O-O 8. h3 dxc4 9. Bxc4 Nd7
10. Nc3 Nb6 11. Bb3 h6 12. Re1 Bf5 13. Ne5 $1 {The key points of this move: 1)
White prepares to deploy his queen either to f3 or h5. 2) White increases the
pressure on f7. 3) White possibly intends f2-f4.} Bxe5 ({After} 13... Qc7 14.
Qf3 Be6 15. Bxe6 fxe6 16. Qg4 Nf5 17. Ng6 Rfe8 18. Ne4 {White continues to
enjoy a clear edge.}) 14. Rxe5 Qd7 15. Qf3 Be6 16. Qe4 Nbd5 17. Nxd5 Nxd5 18.
Bc2 $1 f5 (18... Nf6 19. Qh4 {just gives White too many attacking options:}
Rfd8 (19... Rad8 20. Bxh6 Qxd4 21. Qg3 Ng4 $5 22. hxg4 gxh6 23. g5 Qg4 24. Qxg4
Bxg4 25. gxh6 Rd2 26. Rc1 Be6 27. b3 $16) 20. Bxh6 Qxd4 (20... gxh6 21. Qxh6
Qe7 22. Rg5#) 21. Qg3 Ne8 22. Rae1 Qxb2 23. Rxe6 $3 fxe6 24. Bb3 Rd6 25. Bf4
$16) 19. Qe2 Rf6 20. Bd2 {It is interesting to see how strong this piece
becomes.} Nb6 21. Re1 {Steady and very easy play by Nakamura has seen White
increasing his advantage. Black's kingside is weakened and he cannot prevent
White from penetrating to the seventh rank.} Bc4 22. Qe3 Qf7 23. b3 Bd5 24. Re7
Qg6 25. f3 Rf7 26. Rxf7 Qxf7 27. Qe5 {[%csl Yf5]} a5 (27... Rf8 28. Bb4) 28.
Qxf5 Qxf5 29. Bxf5 Kf7 30. h4 a4 31. h5 (31. Bf4 {was maybe stronger, with a
coordinated attack after} Kf6 32. g4 axb3 33. axb3 Nc8 34. Be5+) 31... axb3 32.
axb3 Kf6 (32... Bxb3 33. Bg6+ Kf6 34. Rb1) 33. Bd3 $1 Bxb3 34. Bf4 Bc4 35. Bg6
Nd7 (35... Be6 36. Be5+ Ke7 37. Bxg7) 36. Bg3 Kg5 37. Re4 {White has fashioned
a forced mate.  A very typical game in this variation. White sets up an IQP
position, which is not so easy to handle.} 1-0

[Event "Metz op 31th"]
[Site "Metz"]
[Date "2013.04.25"]
[Round "9"]
[White "Lagarde, Maxime"]
[Black "Nguyen, Chi Minh"]
[Result "1-0"]
[WhiteElo "2532"]
[BlackElo "2372"]
[Annotator "Metz Alekhine/Primel,D"]
[PlyCount "65"]
[EventDate "2013.04.20"]
[EventType "swiss"]
[EventRounds "9"]
[EventCountry "FRA"]
[SourceTitle "EXT 2016"]
[Source "ChessBase"]
[SourceDate "2015.10.08"]
[SourceVersion "1"]
[SourceVersionDate "2015.10.08"]
[SourceQuality "1"]
[TimeControl "40/5400:1800+30"]
[WhiteClock "1:30:00"]
[BlackClock "1:30:00"]

1. e4 e6 2. d4 d5 3. Nc3 Bb4 4. exd5 (4. e5) 4... exd5 5. Bd3 Nc6 6. a3 {
La grande ligne} (6. Be3 Nge7 7. Qf3 Be6 8. Nge2 Qd7 {[%cal Ge6g4]} (8... Ng6
$146 9. h4 $5 Nxh4 (9... Qd7 $5 10. h5 Bg4 11. Qg3 Bd6 12. Nf4 Nxf4 13. Bxf4
Bxf4 14. Qxf4 O-O-O {[%csl Re1][%cal Gh8e8]} 15. f3 Qe7+ (15... Rhe8+) 16. Ne2
Be6 17. O-O-O {Les Blancs ont un léger avantage d'espace à l'aile-roi et un
meilleur B mais la position Noire est solide}) 10. Qg3 Ng6 11. Bxg6 $5 {
[%cal Gh1h8]} fxg6 12. Rxh7 $1 Rxh7 13. Qxg6+ Kd7 14. Qxh7 Qh8 $1 {Il manque
un tempo aux Blancs pour roquer} 15. Qxh8 Rxh8 16. O-O-O) 9. h3 {Margolin,B 
(2436) -Alarcon Casellas,R (2367) Capablanca Memorial op 44th 2009 (3) 1/2-1/2}
) (6. Nge2 Nge7 7. Bg5 $14) 6... Ba5 (6... Bxc3+ 7. bxc3 Nge7 (7... Nf6)) 7.
Be3 Nge7 8. Qf3 (8. Qh5) 8... Be6 9. Nge2 Ng6 (9... Qd7 {[%cal Ge6g4]}) 10. h4
Nxh4 11. Qg3 Ng6 12. Bxg6 fxg6 13. Rxh7 Rxh7 14. Qxg6+ Kd7 15. Qxh7 Qh8 16.
Qxh8 Rxh8 17. O-O-O Bxc3 $6 {Pourquoi abandonner la paire de B?} 18. Nxc3 Ne7
19. Bf4 c6 20. Ne2 Ng6 21. Bg3 Bg4 22. Re1 (22. f3) 22... Bxe2 {Le B n'était
pas trés bon et il est compréhensible de l'échanger mais en contrepartie,
il n'y aura pas de finale de B de couleurs opposées pour essayer d'annuler.}
23. Rxe2 Rh1+ 24. Kd2 Rb1 25. b3 b5 $6 (25... Rh1 $5 {Il vaut mieux essayer de
garder les R et tenter d'échanger le N contre le B afin de jouer une finale
de R plutôt qu'une finale N contre B comme dans la partie qui sera plus
difficile à jouer pour annuler}) 26. Re1 $1 {Rentrant dans une finale
favorable} Rxe1 27. Kxe1 $16 Nf8 {le N manque de cases fortes au centre} 28.
Be5 {[%csl Ge5]} g6 29. Kd2 {[%cal Gd2g5,Gd2a5] Un coup souple laissant
l'option de faire monter le K sur les deux ailes} Ne6 30. Kc3 Nd8 (30... a5)
31. f4 Ke6 32. g4 Nb7 {[%csl Rb7] Le N est complètement dominé par le B} 33.
Bc7 $36 {[%csl Rb7] Suite illisible et gain Blanc au 52ème coup.} 1-0

[Event "Politiken Cup 18th"]
[Site "Copenhagen"]
[Date "1996.??.??"]
[Round "11"]
[White "Rowson, Jonathan"]
[Black "Christensen, Tobias"]
[Result "1-0"]
[WhiteElo "2415"]
[BlackElo "2405"]
[Annotator "Meulders,R"]
[PlyCount "77"]
[EventDate "1996.06.??"]
[EventType "swiss"]
[EventRounds "11"]
[EventCountry "DEN"]
[SourceTitle "CBM 054"]
[Source "ChessBase"]
[SourceDate "1996.10.01"]
[SourceVersion "1"]
[SourceVersionDate "1996.10.01"]
[SourceQuality "1"]

1. e4 {Hecht} c5 2. Nf3 e6 3. d4 d5 {Die Marshallvariante, eine interessante,
seltene Kombination aus Sizilianisch und Französisch.} 4. exd5 exd5 5. Bg5 Nf6
6. Bb5+ Nc6 7. O-O Be6 8. Nc3 Be7 9. dxc5 Bxc5 $2 {Marshalls Idee ist mit
einem Gambitspiel verbunden, also 9...0-0! In einer Partie Caro-Marshall,
Berlin 1905, folgte (mit weisser Le2 statt Lb5) 10.Lxf6 Lxf6 11.Dd2 Da5 12.
Tad1 Lxc3 13.Dxc3 Dxc3 14.bxc3 Tac8, usw. Remis im 48. Zug.} 10. Bxf6 gxf6 {
Erzwungen, weil Schwarz noch nicht rochiert hat, 10...Dxf6 11.Sxd5 Dxb2 ist
wegen 12.Sc7+ unmoeglich.} 11. Nd4 Qd7 12. Na4 Bxd4 13. Bxc6 Bxf2+ 14. Rxf2
Qxc6 15. Qd4 {Als Kompensation fuer seinen Bauer erblickt Weiss eine schwarze
positionelle Ruine.} Rg8 16. Re1 Rg6 17. Nc3 {Droht 18.Sxd5 weil Le6 gefesselt
ist.} O-O-O 18. Qxa7 Rg4 19. Qa5 (19. Rxf6 $2 d4 20. Qa8+ Kd7 $19) 19... b6 20.
Qa6+ Qb7 21. Qxb7+ Kxb7 22. Ne2 (22. Rxf6 $5 d4 23. Ne4 Bd5 24. Ng3 Rc8 25. Rf2
$16 Rcg8 (25... Bxa2 26. b3 {/\ 27.Txf7/27.Pf5}) 26. a3 h5 27. Re5 $16) 22...
Re4 23. Rc1 $6 (23. Rd1 Bg4 24. Rd2 $16) 23... d4 24. a3 d3 25. cxd3 Rxd3 26.
Nf4 Rde3 27. g3 Re1+ 28. Rxe1 Rxe1+ 29. Rf1 Re5 (29... Re3) 30. Rc1 Ka6 $6 (
30... Re3 {/\...Tb3}) 31. Kf2 Kb5 32. Re1 Kc4 $2 (32... Rxe1 33. Kxe1 Kc4 34.
Kd2 Kd4 $10 {/}) 33. Rxe5 fxe5 34. Nxe6 $18 fxe6 {Hecht: 2 Flügelmehrheiten
gegen 1 Zentraldoppelbauer, Tempofrage} 35. g4 $1 (35. Ke3 $2 Kb3 36. g4 Kxb2
37. g5 (37. h4 {Hecht} Kxa3 38. g5 b5 $10) 37... Kxa3 38. h4 b5 39. h5 b4 40.
g6 hxg6 41. hxg6 b3 42. g7 b2 43. g8=Q b1=Q 44. Qxe6 Qe1+ $15) 35... Kd3 36.
Ke1 $1 (36. g5 $2 Kd2 37. Kf3 Kd3 38. Kf2 Kd2 $10) 36... Ke3 37. a4 $1 e4 (
37... Kf4 38. b4 $18) (37... Kd3 {Hecht} 38. g5 $18) 38. b4 Kd4 39. a5 {
(39...bxa5 40.bxa5 Kc5 41.Ke2 Kb5 42.Ke3 Kxa5 43.Kxe4+-)} 1-0